| 000 | 00730nam a22002057a 4500 | ||
|---|---|---|---|
| 003 | OSt | ||
| 005 | 20260303003239.0 | ||
| 008 | 260202b |||||||| |||| 00| 0 eng d | ||
| 020 | _a978-971-27-2371-1 | ||
| 040 |
_aDWCL-Main Lib _cOC |
||
| 082 | _aFil. 959.9057 C833 2010 | ||
| 245 | _a Cory : an intimate portrait II : selected tributes and eulogies | ||
| 260 |
_aPasig City : _b Anvil Publishing, _cc2010. |
||
| 300 |
_a155 p. : _bill. ; _c23 cm. |
||
| 650 | _aAquino, Corazon Cojuangco, 1933-2009 - Death and burial. | ||
| 650 | _aAquino, Corazon Cojuangco, 1933-2009 - Tributes and eulogies. | ||
| 650 | _aAquino, Corazon Cojuangco, 1933-2009. | ||
| 700 |
_aJUICO, MARGIE PENSON _eEditor |
||
| 942 |
_2ddc _cBK - FIL _mFil. _n0 |
||
| 999 |
_c8112 _d8112 |
||